000 00730nam a2200193 i 4500
001 81117
003 ES-MaACL
005 20230906174355.0
007 t|
008 041103q19201929sp ||||1| spa d
100 1 _aHoyos Sáinz, Luis de,
_d1868-1951
_964437
245 1 0 _aCongreso de Zaragoza
_b: las bases de la Geología agrícola un España y sus actuales métodos /
_cLuis de Hoyos Sáinz.
260 _aMadrid :
_b[s.n.,
_c192-?] (
_fEduardo Arias)
300 _a17 p. ;
_c24 cm.
500 _aPrecede al tít.: Asociación Española para el progreso de las Ciencias.
710 2 _aAsociación Española para el Progreso de las Ciencias.
_91705
852 _aES-MaACL
_j1840-F-16
_bR.19964
999 _c81117
_d81117